[Event "TCh-FRA Top 16 Basse 2025"]
[Site "Belfort FRA"]
[Date "2025.05.30"]
[Round "2.1"]
[White "Rathanvel, V S"]
[Black "Anton Guijarro, David"]
[Result "1/2-1/2"]
[WhiteTitle "IM"]
[BlackTitle "GM"]
[WhiteElo "2465"]
[BlackElo "2642"]
[WhiteTeam "Lyon Olympique Echecs"]
[BlackTeam "Chalons-En-Champagne"]
[WhiteFideId "25002112"]
[BlackFideId "2285525"]
[EventDate "2025.05.29"]
[EventType "team"]

1. e4 e5 2. Nf3 Nc6 3. Bb5 a6 4. Ba4 Nf6 5. O-O Be7 6. Re1 b5 7. Bb3 O-O 8. h3
Bb7 9. d3 d5 10. exd5 Nxd5 11. Nbd2 Nf4 12. Ne4 Na5 13. Ng3 Bd6 14. Nf5 c5 15.
Nxe5 Ng6 16. Nxd6 Qxd6 17. Nxg6 hxg6 18. Bd2 Nc6 19. Be3 Ne7 20. Qg4 Nf5 21. c3
Rfe8 22. Rad1 Rad8 23. Bg5 1/2-1/2

[Event "TCh-FRA Top 16 Basse 2025"]
[Site "Belfort FRA"]
[Date "2025.05.30"]
[Round "2.2"]
[White "Grandelius, Nils"]
[Black "Fedorchuk, Sergey A."]
[Result "1/2-1/2"]
[WhiteTitle "GM"]
[BlackTitle "GM"]
[WhiteElo "2637"]
[BlackElo "2565"]
[WhiteTeam "Chalons-En-Champagne"]
[BlackTeam "Lyon Olympique Echecs"]
[WhiteFideId "1710400"]
[BlackFideId "14102536"]
[EventDate "2025.05.29"]
[EventType "team"]

1. e4 c5 2. Nf3 e6 3. d4 cxd4 4. Nxd4 Nf6 5. Nc3 Nc6 6. Nxc6 bxc6 7. e5 Nd5 8.
Ne4 Bb7 9. Be2 c5 10. O-O Qc7 11. Nd6+ Bxd6 12. exd6 Qc6 13. f3 c4 14. Qd4 O-O
15. Bxc4 Rfc8 16. b3 Qxd6 17. Rd1 Qb6 18. Qxb6 Nxb6 19. Bd3 a5 20. Bd2 d5 21.
Rac1 a4 22. Be3 Nd7 23. Bb5 Bc6 24. Bxc6 Rxc6 25. c4 axb3 26. axb3 Rac8 27. cxd5
Rxc1 28. Bxc1 exd5 29. Be3 Nf6 30. b4 Rc3 31. Bc5 Rb3 32. Rd2 h5 33. Kf2 Kh7 34.
Ke2 Kg6 35. Rd3 Rb2+ 36. Rd2 Rb3 37. Kd1 Rc3 38. Rc2 Rd3+ 39. Rd2 Rc3 40. Be7 h4
41. h3 Kf5 42. Bxf6 Kxf6 43. Rxd5 Ke6 44. Rg5 f5 45. Rxg7 Rb3 46. Rb7 Rb2 47. b5
Rxg2 48. b6 Rb2 49. Rh7 Ke5 50. b7 Kf4 51. Rxh4+ Kxf3 52. Rh7 f4 53. h4 Kg4 54.
h5 f3 55. Ke1 Rb1+ 56. Kf2 Rb2+ 57. Kf1 Rb1+ 58. Kf2 1/2-1/2

[Event "TCh-FRA Top 16 Basse 2025"]
[Site "Belfort FRA"]
[Date "2025.05.30"]
[Round "2.3"]
[White "Tahay, Alexis"]
[Black "Korobov, Anton"]
[Result "0-1"]
[WhiteTitle "IM"]
[BlackTitle "GM"]
[WhiteElo "2375"]
[BlackElo "2631"]
[WhiteTeam "Lyon Olympique Echecs"]
[BlackTeam "Chalons-En-Champagne"]
[WhiteFideId "26090961"]
[BlackFideId "14105730"]
[EventDate "2025.05.29"]
[EventType "team"]

1. e4 e5 2. Nf3 Nc6 3. Bb5 a6 4. Ba4 Nf6 5. O-O Be7 6. Re1 b5 7. Bb3 d6 8. c3
O-O 9. h3 Nb8 10. d4 Nbd7 11. Nbd2 c5 12. Nf1 Qc7 13. Ng3 Re8 14. a4 Rb8 15. Bg5
h6 16. Be3 Bf8 17. Bc2 bxa4 18. Bc1 cxd4 19. cxd4 Nb6 20. Ra3 Bd7 21. Rc3 Qb7
22. Be3 Rbc8 23. Rxc8 Bxc8 24. Nd2 Bd7 25. d5 Rc8 26. Bd3 Bb5 27. Qe2 Nbd7 28.
Nc4 Nc5 29. Bxc5 Rxc5 30. Na5 Qb6 31. Bxb5 axb5 32. Nc6 Rc4 33. Qf3 Qc5 34. Nf5
Kh7 35. Kh2 Rc2 36. Ne3 Rxb2 37. Qf5+ Kh8 38. Rf1 a3 39. Ng4 Nxg4+ 40. hxg4 Kg8
41. g5 hxg5 42. Kg3 Qc3+ 43. Kh2 Qd2 44. g3 Qe2 45. Kg2 g4 46. Qc8 g6 47. Nb8
Qxe4+ 48. Kg1 Rc2 49. Qd8 Qc4 50. Nd7 Qc8 51. Nf6+ Kh8 52. Qa5 Kg7 53. Ne4 Rc1
54. Rxc1 Qxc1+ 55. Kg2 Qc4 0-1

[Event "TCh-FRA Top 16 Basse 2025"]
[Site "Belfort FRA"]
[Date "2025.05.30"]
[Round "2.4"]
[White "Velten, Paul"]
[Black "Benitah, Yohan"]
[Result "1-0"]
[WhiteTitle "GM"]
[BlackTitle "IM"]
[WhiteElo "2542"]
[BlackElo "2333"]
[WhiteTeam "Chalons-En-Champagne"]
[BlackTeam "Lyon Olympique Echecs"]
[WhiteFideId "681091"]
[BlackFideId "609560"]
[EventDate "2025.05.29"]
[EventType "team"]

1. d4 d5 2. Nf3 Nf6 3. Bf4 c6 4. e3 Bg4 5. Nbd2 e6 6. h3 Bh5 7. g4 Bg6 8. Ne5
Nfd7 9. Nxg6 hxg6 10. Qf3 Nf6 11. O-O-O Nbd7 12. h4 Qa5 13. Kb1 Be7 14. h5 O-O-O
15. Bd3 gxh5 16. gxh5 Rdf8 17. c4 Nb6 18. Bg3 Ne8 19. cxd5 Qxd5 20. Be4 Qb5 21.
Rc1 Bd6 22. Bxd6 Nxd6 23. Rc5 Nxe4 24. Nxe4 Qd3+ 25. Ka1 Kb8 26. Rd1 Qa6 27. Rc3
Ka8 28. Nc5 Qb5 29. Rdc1 Qa5 30. Ra3 Qd2 31. Kb1 Qb4 32. Rb3 Qa5 33. Qf4 Nd5 34.
Qg3 b6 35. Qd6 Rc8 36. Nd3 Rhd8 37. Qg3 Ne7 38. Ne5 f6 39. Nc4 Qxh5 40. Qxg7
Qg6+ 41. Qxg6 Nxg6 42. Rg1 Rg8 43. Nd6 Ne7 44. Rc1 Rcd8 45. Ne4 f5 46. Ng3 Rh8
47. Ne2 Rh2 48. Nf4 Rxf2 49. Nxe6 Rh8 50. a4 Rh6 51. Nd8 Rd6 52. Nf7 Re6 53. Rh1
Kb8 54. a5 Nd5 55. axb6 axb6 56. Ne5 Kc7 57. Rh7+ Re7 58. Rh6 c5 59. Rc6+ Kb7
60. Rxc5 Nxe3 61. Rc6 f4 62. Rcxb6+ Kc7 63. Rc6+ 1-0

[Event "TCh-FRA Top 16 Basse 2025"]
[Site "Belfort FRA"]
[Date "2025.05.30"]
[Round "2.5"]
[White "Breuil, Tristan"]
[Black "David, Alberto"]
[Result "0-1"]
[WhiteTitle "FM"]
[BlackTitle "GM"]
[WhiteElo "2362"]
[BlackElo "2481"]
[WhiteTeam "Lyon Olympique Echecs"]
[BlackTeam "Chalons-En-Champagne"]
[WhiteFideId "45163685"]
[BlackFideId "4000013"]
[EventDate "2025.05.29"]
[EventType "team"]

1. e4 e6 2. d4 d5 3. Nc3 Bb4 4. e5 c5 5. a3 Bxc3+ 6. bxc3 Qa5 7. Bd2 Qa4 8. Be3
cxd4 9. cxd4 b6 10. Bd3 Ba6 11. Ne2 Bxd3 12. Qxd3 Qa6 13. Qd1 Ne7 14. O-O Nbc6
15. Bg5 Rc8 16. a4 Qc4 17. Ra3 Nf5 18. c3 O-O 19. g4 Nfe7 20. Re1 Ng6 21. Ng3 a6
22. Qd2 Kh8 23. h4 f6 24. exf6 gxf6 25. h5 Nge5 26. dxe5 fxg5 27. Qxg5 Rf7 28.
h6 Rg8 29. Qe3 Qxg4 30. c4 Nd4 31. Kg2 Nc2 32. Qc3 Qf3+ 33. Kh3 Nxe1 0-1

[Event "TCh-FRA Top 16 Basse 2025"]
[Site "Belfort FRA"]
[Date "2025.05.30"]
[Round "2.6"]
[White "Sebag, Marie"]
[Black "Hejazipour, Mitra"]
[Result "1/2-1/2"]
[WhiteTitle "GM"]
[BlackTitle "WGM"]
[WhiteElo "2448"]
[BlackElo "2310"]
[WhiteTeam "Chalons-En-Champagne"]
[BlackTeam "Lyon Olympique Echecs"]
[WhiteFideId "617822"]
[BlackFideId "12505951"]
[EventDate "2025.05.29"]
[EventType "team"]

1. e4 e5 2. Nf3 Nc6 3. Bb5 a6 4. Ba4 Nf6 5. O-O Be7 6. d3 b5 7. Bb3 O-O 8. Nc3
d6 9. a3 Rb8 10. h3 Na5 11. Ba2 c5 12. Bg5 Be6 13. Bxf6 Bxf6 14. Nd5 Nc6 15. c3
g6 16. Qd2 Bxd5 17. Bxd5 Ne7 18. Ba2 d5 19. Rad1 Qd6 20. Rfe1 Rbd8 21. d4 cxd4
22. cxd4 dxe4 23. dxe5 Qxd2 24. Rxd2 Rxd2 25. Nxd2 Bxe5 26. Rxe4 Bf6 27. Re2 Nf5
28. Ne4 Be7 29. Ng3 Bf6 30. Ne4 Be7 31. Ng3 Bf6 1/2-1/2

[Event "TCh-FRA Top 16 Basse 2025"]
[Site "Belfort FRA"]
[Date "2025.05.30"]
[Round "2.7"]
[White "Malka, Samuel"]
[Black "Bournel, Antoine"]
[Result "0-1"]
[WhiteTitle "FM"]
[BlackTitle "IM"]
[WhiteElo "2228"]
[BlackElo "2423"]
[WhiteTeam "Lyon Olympique Echecs"]
[BlackTeam "Chalons-En-Champagne"]
[WhiteFideId "20643675"]
[BlackFideId "26093553"]
[EventDate "2025.05.29"]
[EventType "team"]

1. d4 Nf6 2. c4 e6 3. Nf3 d5 4. g3 Bb4+ 5. Bd2 Be7 6. Bg2 O-O 7. O-O c6 8. Qc2
Nbd7 9. Rd1 a5 10. Bf4 a4 11. a3 Ne4 12. Nbd2 g5 13. Be3 Nd6 14. h4 gxh4 15. Bh6
Re8 16. g4 f5 17. cxd5 exd5 18. gxf5 Kh8 19. e4 Nf6 20. Ne5 Rg8 21. Kh1 Qe8 22.
Bf3 dxe4 23. Nxe4 Nfxe4 24. Bxe4 Qh5 25. Bf4 Nxe4 26. Qxe4 Bxf5 27. Qe3 Bf6 28.
Rg1 Be6 29. Rxg8+ Rxg8 30. Rg1 Bd5+ 31. f3 Qf5 32. Rxg8+ Kxg8 33. Kh2 Qc2+ 34.
Qd2 Qf5 35. Qe3 h5 36. Qg1+ Kh7 37. Qe3 Qc2+ 38. Qd2 Qf5 39. Qe3 Be6 40. Qe4 Kg7
41. Qe3 Qc2+ 42. Qd2 Qxd2+ 43. Bxd2 Kf8 44. Bb4+ Ke8 45. Bc5 Bg5 46. Bb4 Bf4+
47. Kg2 h3+ 48. Kf2 Be3+ 49. Kg3 Bf4+ 50. Kf2 Be3+ 51. Kg3 Bxd4 52. Nd3 Bg1 53.
Nf4 h4+ 0-1

[Event "TCh-FRA Top 16 Basse 2025"]
[Site "Belfort FRA"]
[Date "2025.05.30"]
[Round "2.8"]
[White "Lucas, Arthur"]
[Black "Lux, Hugo de Melo"]
[Result "0-1"]
[WhiteTitle "IM"]
[BlackTitle "FM"]
[WhiteElo "2328"]
[BlackElo "2315"]
[WhiteTeam "Chalons-En-Champagne"]
[BlackTeam "Lyon Olympique Echecs"]
[WhiteFideId "26093073"]
[BlackFideId "2138298"]
[EventDate "2025.05.29"]
[EventType "team"]

1. e4 c5 2. Nf3 e6 3. b3 Nc6 4. Bb2 a6 5. c4 Qc7 6. g3 Nf6 7. e5 Ng4 8. Bg2
Ngxe5 9. Nxe5 Nxe5 10. O-O h5 11. d4 cxd4 12. Qxd4 Nc6 13. Qe3 h4 14. Re1 hxg3
15. hxg3 Nb4 16. Qc3 Rb8 17. a3 Nc6 18. Qd3 b5 19. cxb5 Rxb5 20. b4 Rbh5 21. Nc3
Be7 22. Ne4 f5 23. Nc5 Bxc5 24. bxc5 Bb7 25. Kf1 Rh2 26. Bf3 Ne7 27. Bd4 Bc6 28.
Rab1 Kf7 29. Rb6 Nd5 30. Be5 Rh1+ 0-1

[Event "TCh-FRA Top 16 Basse 2025"]
[Site "Belfort FRA"]
[Date "2025.05.30"]
[Round "2.1"]
[White "Bassini, Emile"]
[Black "Donchenko, Alexander"]
[Result "1/2-1/2"]
[WhiteTitle "FM"]
[BlackTitle "GM"]
[WhiteElo "2391"]
[BlackElo "2615"]
[WhiteTeam "Bois-Colombes"]
[BlackTeam "Vandoeuvre Echecs"]
[WhiteFideId "26084074"]
[BlackFideId "24603295"]
[EventDate "2025.05.29"]
[EventType "team"]

1. e4 c5 2. Nf3 d6 3. d4 cxd4 4. Nxd4 Nf6 5. Nc3 a6 6. Bg5 e6 7. f4 h6 8. Bh4
Nbd7 9. Bc4 Qa5 10. Qe2 Be7 11. O-O-O Qh5 12. Nf3 b5 13. Bb3 b4 14. Nd5 exd5 15.
e5 dxe5 16. fxe5 Nxe5 17. Qxe5 Qxe5 18. Nxe5 Be6 19. Rhe1 g5 20. Bg3 Rg8 21. Nc6
Kf8 22. Bc7 Bc5 23. Ba5 Kg7 24. Nxb4 Rgb8 25. Nd3 Bb6 26. Bc3 d4 27. Bxe6 dxc3
28. Bb3 cxb2+ 29. Kb1 Rb7 30. Nxb2 a5 31. a4 Rd8 32. Rxd8 Bxd8 33. Nc4 Rd7 34.
c3 Bc7 35. Kc2 h5 36. h3 g4 37. hxg4 hxg4 38. Ne5 Re7 39. Nd3 Rxe1 40. Nxe1 Ne4
41. Nd3 f5 42. Be6 Kf6 43. Bd7 Kg5 44. c4 f4 45. Bc6 Nf6 46. c5 Kh4 47. Kc3 Kg3
48. Kc4 f3 49. gxf3 gxf3 50. Bxf3 Kxf3 51. Kb5 Nd5 52. c6 Nc3+ 53. Ka6 Ke4 54.
Nc5+ Kd5 55. Nb7 Kc4 56. Nxa5+ Kb4 57. Nb3 Kxb3 58. a5 Nd5 59. Kb5 Nc3+ 60. Ka6
Nd5 61. Kb5 Bf4 62. Kc5 Ne7 63. a6 Nc8 64. c7 Ka4 65. a7 Nxa7 66. Kb6 Nc8+ 67.
Kb7 Nd6+ 68. Kc6 Ka5 69. Kd7 Nc4 70. c8=Q Nb6+ 71. Kd8 Bg5+ 72. Kc7 Nxc8 73.
Kxc8 1/2-1/2

[Event "TCh-FRA Top 16 Basse 2025"]
[Site "Belfort FRA"]
[Date "2025.05.30"]
[Round "2.2"]
[White "Solodovnichenko, Yuri"]
[Black "Dionisi, Thomas"]
[Result "1-0"]
[WhiteTitle "GM"]
[BlackTitle "IM"]
[WhiteElo "2511"]
[BlackElo "2410"]
[WhiteTeam "Vandoeuvre Echecs"]
[BlackTeam "Bois-Colombes"]
[WhiteFideId "14104369"]
[BlackFideId "651893"]
[EventDate "2025.05.29"]
[EventType "team"]

1. e4 e5 2. Nf3 Nc6 3. d4 exd4 4. Nxd4 Nf6 5. Nxc6 bxc6 6. e5 Qe7 7. Qe2 Nd5 8.
h4 f6 9. c4 Ba6 10. Rh3 Nb6 11. Nd2 fxe5 12. Re3 d6 13. Ra3 Bc8 14. c5 Nd5 15.
Ne4 Qe6 16. Qc2 Nb4 17. Qa4 a5 18. Bd2 dxc5 19. Rc1 Qd5 20. Re3 Bf5 21. Bc4 Qd7
22. Bxb4 cxb4 23. Rd1 Bd6 24. Nc5 Bxc5 25. Rxe5+ Be7 26. Rxd7 Bxd7 27. Rxa5 Rxa5
28. Qxa5 Rf8 29. Qxc7 Rf5 30. Qb8+ Bd8 31. Bd3 Rh5 32. g3 g6 33. Ke2 c5 34. Qd6 1-0

[Event "TCh-FRA Top 16 Basse 2025"]
[Site "Belfort FRA"]
[Date "2025.05.30"]
[Round "2.3"]
[White "Robert, Mathias"]
[Black "Brunner, Nicolas"]
[Result "0-1"]
[BlackTitle "IM"]
[WhiteElo "2265"]
[BlackElo "2423"]
[WhiteTeam "Bois-Colombes"]
[BlackTeam "Vandoeuvre Echecs"]
[WhiteFideId "26066769"]
[BlackFideId "620246"]
[EventDate "2025.05.29"]
[EventType "team"]

1. e4 c5 2. Nf3 d6 3. d4 cxd4 4. Nxd4 Nf6 5. Nc3 a6 6. Bd3 g6 7. Be2 Bg7 8. Be3
O-O 9. O-O Nc6 10. Nb3 b5 11. f4 Bb7 12. Bf3 Nd7 13. Qe2 Na5 14. Nxa5 Qxa5 15.
Bd2 b4 16. Nd1 Rfc8 17. c3 Qb6+ 18. Be3 Nc5 19. e5 a5 20. Bxb7 Qxb7 21. Bd4 Qe4
22. Qxe4 Nxe4 23. Nf2 Nd2 24. Rfd1 dxe5 25. fxe5 Nc4 26. Nd3 Rd8 27. b3 bxc3 28.
Bxc3 Ne3 29. Rd2 Nd5 30. Bd4 Nb4 31. Nxb4 axb4 32. Rdd1 Rxd4 33. Rxd4 Bxe5 34.
Rad1 Bxd4+ 35. Rxd4 Rxa2 36. Rxb4 Rb2 37. h3 Kg7 38. Kh2 f5 39. Kg3 Kf6 40. h4
h6 41. Rb8 g5 42. hxg5+ hxg5 43. b4 Rb3+ 44. Kf2 f4 45. b5 g4 46. b6 Kf5 47. b7
Ke4 48. Ke1 Ke3 49. Kd1 g3 50. Kc2 Rb6 51. Kd1 e5 52. Re8 Rb1+ 53. Kc2 Rxb7 54.
Rxe5+ Kf2 0-1

[Event "TCh-FRA Top 16 Basse 2025"]
[Site "Belfort FRA"]
[Date "2025.05.30"]
[Round "2.4"]
[White "Hamitevici, Vladimir"]
[Black "Samoun, Florent"]
[Result "0-1"]
[WhiteTitle "GM"]
[BlackTitle "FM"]
[WhiteElo "2423"]
[BlackElo "2261"]
[WhiteTeam "Vandoeuvre Echecs"]
[BlackTeam "Bois-Colombes"]
[WhiteFideId "13902393"]
[BlackFideId "664995"]
[EventDate "2025.05.29"]
[EventType "team"]

1. c4 Nf6 2. Nc3 e6 3. e3 b6 4. b3 Bb7 5. Bb2 c5 6. Nf3 Be7 7. g3 O-O 8. Bg2 d5
9. O-O Nbd7 10. d3 Re8 11. Qe2 a6 12. Nh4 Bf8 13. f4 Rb8 14. e4 d4 15. Nd1 e5
16. f5 b5 17. Bc1 bxc4 18. bxc4 Bc6 19. Bf3 Nb6 20. Ng2 Nfd7 21. h4 Be7 22. Nf2
Na4 23. Nh3 Nc3 24. Qf2 Rb4 25. g4 f6 26. g5 Qb6 27. gxf6 Bxf6 28. Bg5 Rb2 29.
Qg3 Kh8 30. Kh1 Ba4 31. Rg1 Rb8 32. Nf2 Ne2 33. Bxe2 Rxe2 34. Bxf6 Qxf6 35. Ng4
Qe7 36. Ne1 h5 37. f6 gxf6 38. Nh6 Qh7 39. Qf3 Rxe1 40. Raxe1 Qxh6 41. Rg3 Rg8
42. Reg1 Rxg3 43. Qxg3 Qh7 44. Qh3 Qf7 45. Qf5 Bc2 46. Qf3 Nf8 47. Rg5 Bd1 48.
Qf1 Be2 49. Qf2 Nd7 50. Rg3 Bg4 51. Qd2 Kh7 52. Qa5 f5 0-1

[Event "TCh-FRA Top 16 Basse 2025"]
[Site "Belfort FRA"]
[Date "2025.05.30"]
[Round "2.5"]
[White "De Balmann, Marc"]
[Black "Decuigniere, Tom"]
[Result "0-1"]
[BlackTitle "IM"]
[WhiteElo "2178"]
[BlackElo "2366"]
[WhiteTeam "Bois-Colombes"]
[BlackTeam "Vandoeuvre Echecs"]
[WhiteFideId "26041383"]
[BlackFideId "26093820"]
[EventDate "2025.05.29"]
[EventType "team"]

1. Nf3 d5 2. g3 Nc6 3. d4 Bf5 4. Bg2 Nb4 5. Na3 e6 6. O-O Nf6 7. Ne5 Nd7 8. c4
Be7 9. Qb3 O-O 10. Rd1 c6 11. Bf4 a5 12. Nxd7 Qxd7 13. Rd2 Rfe8 14. Kh1 h5 15.
f3 g5 16. Be3 Kg7 17. Bf2 g4 18. c5 Rh8 19. e4 Bg6 20. e5 b6 21. cxb6 Rab8 22.
Qd1 Bg5 23. f4 Be7 24. Nb1 Bf5 25. Nc3 Rxb6 26. a3 Na6 27. Rc1 Rhb8 28. Na4 Rb3
29. Bf1 c5 30. Nxc5 Nxc5 31. dxc5 Rxb2 32. c6 Qc7 33. a4 Rxd2 34. Qxd2 Ba3 35.
Ra1 Rb2 36. Qd4 Qxc6 37. Rxa3 Qc1 38. Kg1 Rb1 0-1

[Event "TCh-FRA Top 16 Basse 2025"]
[Site "Belfort FRA"]
[Date "2025.05.30"]
[Round "2.6"]
[White "Vallee, Louis"]
[Black "Guerlach, Keigo"]
[Result "1-0"]
[WhiteTitle "FM"]
[WhiteElo "2253"]
[BlackElo "2148"]
[WhiteTeam "Vandoeuvre Echecs"]
[BlackTeam "Bois-Colombes"]
[WhiteFideId "45103291"]
[BlackFideId "20665865"]
[EventDate "2025.05.29"]
[EventType "team"]

1. c4 e6 2. d4 d5 3. Nc3 c6 4. e4 dxe4 5. Nxe4 Nd7 6. Nf3 Ngf6 7. Nxf6+ Nxf6 8.
Bd3 c5 9. dxc5 Bxc5 10. O-O h6 11. b4 Be7 12. Qb3 a5 13. b5 Bc5 14. Bb2 O-O 15.
Rad1 Qe7 16. Bb1 b6 17. Qc2 Re8 18. Ne5 Bb7 19. Rd7 Be4 20. Rxe7 Bxc2 21. Rxe8+
Nxe8 22. Bxc2 Nd6 23. Bd3 Rd8 24. Re1 f6 25. Nc6 Rd7 26. Bf1 e5 27. Rd1 g5 28.
Bc1 Kf7 29. Be3 Bxe3 30. fxe3 Ke6 31. c5 bxc5 32. b6 Nb7 33. Bc4+ 1-0

[Event "TCh-FRA Top 16 Basse 2025"]
[Site "Belfort FRA"]
[Date "2025.05.30"]
[Round "2.7"]
[White "Arzur, Maia"]
[Black "Nezar, Mustapha"]
[Result "0-1"]
[WhiteTitle "WFM"]
[BlackTitle "IM"]
[WhiteElo "2141"]
[BlackElo "2324"]
[WhiteTeam "Bois-Colombes"]
[BlackTeam "Vandoeuvre Echecs"]
[WhiteFideId "45161127"]
[BlackFideId "608637"]
[EventDate "2025.05.29"]
[EventType "team"]

1. d4 Nf6 2. Nf3 e6 3. Bg5 d5 4. Nbd2 Be7 5. e3 c5 6. c3 Nc6 7. Bd3 Qb6 8. Qc1
O-O 9. O-O h6 10. Bh4 Re8 11. dxc5 Qxc5 12. e4 Nxe4 13. Bxe7 Qxe7 14. Nxe4 dxe4
15. Bxe4 Bd7 16. Qe3 Red8 17. h3 Rac8 18. c4 b6 19. b3 Be8 20. Rfd1 Qc5 21. Bxc6
Qxe3 22. fxe3 Bxc6 23. Rd4 Kf8 24. Ne5 Be8 25. Kf2 f6 26. Nd3 Bg6 27. Nf4 Bf7
28. Rad1 Ke7 29. e4 Rxd4 30. Rxd4 Rc7 31. Ke3 Rc5 32. Rd2 Rg5 33. Nd3 h5 34. b4
Rg3+ 35. Kf2 h4 36. e5 Bg6 37. Nf4 Bf7 38. Ne2 Ra3 39. exf6+ gxf6 40. Rd4 Rxa2
41. Rxh4 Rc2 42. Ke3 e5 43. Kd3 Bg6+ 44. Ke3 Kf7 45. b5 Kg7 46. g3 Kg8 47. Rh6
Kg7 48. Rh4 Kf7 49. Ng1 Rc3+ 50. Ke2 Rxg3 51. Nf3 Rg2+ 52. Kd1 Rf2 53. Nd2 Bd3
54. Rh8 e4 0-1

[Event "TCh-FRA Top 16 Basse 2025"]
[Site "Belfort FRA"]
[Date "2025.05.30"]
[Round "2.8"]
[White "Savina, Anastasia"]
[Black "Makke, Laurent"]
[Result "1-0"]
[WhiteTitle "IM"]
[WhiteElo "2332"]
[BlackElo "2119"]
[WhiteTeam "Vandoeuvre Echecs"]
[BlackTeam "Bois-Colombes"]
[WhiteFideId "4196872"]
[BlackFideId "624314"]
[EventDate "2025.05.29"]
[EventType "team"]

1. d4 Nf6 2. c4 g6 3. Nc3 Bg7 4. e4 d6 5. Be2 c5 6. d5 e6 7. Be3 O-O 8. Nf3 exd5
9. cxd5 Bg4 10. e5 dxe5 11. Bxc5 Re8 12. h3 Bc8 13. Qb3 e4 14. Nd2 Nbd7 15. Be3
Nb6 16. Rd1 Nfxd5 17. Ndb1 Be6 18. Bxb6 Nxc3 19. Rxd8 Bxb3 20. Rxe8+ Rxe8 21.
Nxc3 1-0

[Event "TCh-FRA Top 16 Basse 2025"]
[Site "Belfort FRA"]
[Date "2025.05.30"]
[Round "2.1"]
[White "Eugene, Floryan"]
[Black "Van Wely, Loek"]
[Result "1-0"]
[WhiteTitle "IM"]
[BlackTitle "GM"]
[WhiteElo "2469"]
[BlackElo "2609"]
[WhiteTeam "Le Mans"]
[BlackTeam "Clichy Echecs 92"]
[WhiteFideId "20694784"]
[BlackFideId "1000268"]
[EventDate "2025.05.29"]
[EventType "team"]

1. e4 c5 2. Nf3 e6 3. Nc3 a6 4. g3 Nc6 5. Bg2 d6 6. d4 cxd4 7. Nxd4 Bd7 8. O-O
Nf6 9. Be3 Be7 10. Nxc6 Bxc6 11. a4 O-O 12. a5 Nd7 13. Na4 f5 14. exf5 Bxg2 15.
Kxg2 Rxf5 16. Nb6 Nxb6 17. axb6 Rc8 18. Qd3 Qd7 19. c4 Qc6+ 20. Kg1 h5 21. h4
Qf3 22. Rad1 Bxh4 23. Qxd6 Rxc4 24. Qxe6+ Kh7 25. Qxc4 Bxg3 26. Rd8 Be5 27. Rfd1
Qh3 28. Qg8+ Kg6 29. R1d6+ Bxd6 30. Rxd6+ Rf6 31. Qe8+ Kh7 32. Qe4+ 1-0

[Event "TCh-FRA Top 16 Basse 2025"]
[Site "Belfort FRA"]
[Date "2025.05.30"]
[Round "2.2"]
[White "Amin, Bassem"]
[Black "Eveno, Nathan"]
[Result "1-0"]
[WhiteTitle "GM"]
[WhiteElo "2649"]
[BlackElo "2249"]
[WhiteTeam "Clichy Echecs 92"]
[BlackTeam "Le Mans"]
[WhiteFideId "10601457"]
[BlackFideId "45132178"]
[EventDate "2025.05.29"]
[EventType "team"]

1. Nf3 d5 2. g3 Nf6 3. Bg2 e6 4. O-O Be7 5. d3 O-O 6. Re1 c5 7. Nbd2 Nc6 8. e4
b5 9. e5 Nd7 10. Nf1 a5 11. h4 Ba6 12. N1h2 Qc7 13. Bf4 Rfc8 14. Ng5 h6 15. Nxf7
Kxf7 16. Bxd5 Nf8 17. Be4 Ra7 18. c3 Bd8 19. d4 Ne7 20. Qh5+ Kg8 21. Ng4 Nf5 22.
Bxf5 exf5 23. e6 Qe7 24. Qxf5 cxd4 25. cxd4 Bc7 26. d5 Rd8 27. Rad1 Bc8 28. Bxh6
Bxe6 29. dxe6 Rxd1 30. Rxd1 gxh6 31. Re1 Kg7 32. Qh5 Nxe6 33. Qxh6+ Kf7 34. Qh7+
Ke8 35. Qg6+ 1-0

[Event "TCh-FRA Top 16 Basse 2025"]
[Site "Belfort FRA"]
[Date "2025.05.30"]
[Round "2.3"]
[White "Harutyunyan, Safar"]
[Black "Hamdouchi, Hicham"]
[Result "0-1"]
[WhiteTitle "FM"]
[BlackTitle "GM"]
[WhiteElo "2258"]
[BlackElo "2525"]
[WhiteTeam "Le Mans"]
[BlackTeam "Clichy Echecs 92"]
[WhiteFideId "26042428"]
[BlackFideId "9000011"]
[EventDate "2025.05.29"]
[EventType "team"]

1. Nf3 c5 2. e3 Nf6 3. c4 g6 4. d4 Bg7 5. Nc3 O-O 6. Be2 cxd4 7. exd4 d5 8. O-O
Nc6 9. h3 dxc4 10. Bxc4 b6 11. Bf4 Bb7 12. Re1 Rc8 13. Bf1 Nb4 14. Rc1 a6 15. a3
Nbd5 16. Nxd5 Nxd5 17. Be5 Bh6 18. Rxc8 Qxc8 19. Nh2 Rd8 20. Ng4 Bf8 21. Qd2 f6
22. Bg3 Qd7 23. Qe2 Rc8 24. Ne3 b5 25. h4 Nxe3 26. Qxe3 Qd5 27. b3 Rc2 28. a4
Rb2 29. axb5 axb5 30. Qe6+ Qxe6 31. Rxe6 Rb1 32. f3 Bd5 33. Rb6 Bxb3 34. Kf2 Kg7
35. Bf4 Bd5 36. Bd3 Rb2+ 37. Kg3 b4 38. Be4 Bxe4 39. fxe4 b3 40. Rb7 Kg8 41. Rb8
Kf7 42. d5 h6 43. Be3 Rb1 44. Bf2 Bg7 45. Rb7 f5 46. exf5 b2 47. d6 Rd1 48.
Rxe7+ Kf6 49. Be1 Rd3+ 0-1

[Event "TCh-FRA Top 16 Basse 2025"]
[Site "Belfort FRA"]
[Date "2025.05.30"]
[Round "2.4"]
[White "Shoker, Samy"]
[Black "Bouvet, Florian"]
[Result "1-0"]
[WhiteTitle "GM"]
[WhiteElo "2456"]
[BlackElo "2244"]
[WhiteTeam "Clichy Echecs 92"]
[BlackTeam "Le Mans"]
[WhiteFideId "627143"]
[BlackFideId "676357"]
[EventDate "2025.05.29"]
[EventType "team"]

1. Nf3 Nf6 2. g3 c5 3. Bg2 Nc6 4. O-O e5 5. c4 d5 6. Qa4 Bd6 7. cxd5 Nxd5 8. Nc3
Nb6 9. Qd1 O-O 10. d3 f6 11. a4 Na5 12. Ne4 Be6 13. Nxd6 Qxd6 14. Ra3 Rac8 15.
Nd2 Rfd8 16. Ne4 Qe7 17. Bd2 Nc6 18. f4 exf4 19. gxf4 Nd4 20. Ng3 Bg4 21. Rf2 h5
22. a5 Nd5 23. h3 Ne3 24. Bxe3 Qxe3 25. hxg4 Qxg3 26. gxh5 c4 27. Rc3 Nb5 28.
Rc1 Qe3 29. Bxb7 Rc5 30. b4 Rxh5 31. Rxc4 Nd4 32. Kf1 Nf5 33. Qc1 Qg3 34. Rc8
Ne3+ 35. Ke1 Rxc8 36. Qxc8+ Kh7 37. Qe8 Rh2 38. Qxe3 Qxe3 39. Rxh2+ Kg8 40. Bd5+
Kf8 41. Rh8+ Ke7 42. Kd1 Qxf4 43. e4 Qe3 44. Kc2 g5 45. Rg8 Kd6 46. Kc3 Qc1+ 47.
Kd4 Qg1+ 48. Kc4 g4 49. Kb5 g3 50. Ka6 g2 51. Bb7 Ke5 52. d4+ Kf4 53. Kxa7 Qxd4+
54. Kb8 g1=Q 55. Rxg1 Qxg1 56. a6 Qb6 57. a7 Qd8+ 58. Bc8 Qb6+ 59. Bb7 Qd8+ 60.
Bc8 Qd6+ 61. Kb7 Qxb4+ 62. Kc7 Qc5+ 63. Kb7 Qd5+ 64. exd5 1-0